पत्रकारिता : (Record no. 208007)

MARC details
000 -LEADER
fixed length control field 00840nam a22001937a 4500
005 - DATE AND TIME OF LATEST TRANSACTION
control field 20250103122238.0
010 ## - LCCN (DPL NO)
LC control number HIN-129103
020 ## - INTERNATIONAL STANDARD BOOK NUMBER
International Standard Book Number 9788119127979
Terms of availability 1150.00
035 ## - SYSTEM CONTROL NUMBER
System control number HN-101449
037 ## - SOURCE OF ACQUISITION
Source of stock number/acquisition DBAD
082 ## - DEWEY DECIMAL CLASSIFICATION NUMBER
Classification number 070.4
245 ## - TITLE STATEMENT
Title पत्रकारिता :
Remainder of title परम्परा, समकाल और भविष्य/
Statement of responsibility, etc अटल तिवारी द्वारा संपादित
250 ## - EDITION STATEMENT
Edition statement प्रथम
260 ## - PUBLICATION, DISTRIBUTION, ETC. (IMPRINT)
Place of publication, distribution, etc नॉएडा, उ.प्र.
Name of publisher, distributor, etc सेतु प्रकाशन
Date of publication, distribution, etc 2023
270 ## - ADDRESS
Address सी-21, सेक्टर-65
City नॉएडा, उ.प्र.
Postal code 201301
Electronic mail address setuprakashan@gmail.com
300 ## - PHYSICAL DESCRIPTION
Extent 384 पृ.
Dimensions 24 सेमी (सजिल्द)
700 ## - ADDED ENTRY--PERSONAL NAME
Personal name तिवारी, अटल
9 (RLIN) 75797
942 ## - ADDED ENTRY ELEMENTS (KOHA)
Item type Hindi Books
Source of classification or shelving scheme Dewey Decimal Classification
Classification part 070.4
Call number suffix पत्रका
Holdings
Withdrawn status Lost status Not for loan Collection code Home library Current library Date acquired Source of acquisition Cost, normal purchase price Full call number Barcode Copy number Cost, replacement price Koha item type
      Non-fiction Central Library Central Library 03/01/2025 DBAD 1150.00 070.4 पत्रका HN-101449 1 1150.00 Hindi Books

© Delhi Public Library
Hit Counter
free hit counter